000 00553cam a22002174a 4500
005 20250605164155.0
008 250528s ||||||||||||||||||||||||d
035 _a19546
020 _a153777958
040 _aGR-AtMCL
_bgre
_dGR-AtMCL
_eAACR2
245 1 _aAMERICA: ITS PEOPLE AND VALUES
250 _a2
260 _bHarcourt Brace Jovanovich, Publishers,
_c1979
300 _a848
700 1 _aBiller Edward L.
_95765
700 1 _aGabriel Ralph H
_95766
700 1 _aWood Leonard C
_95767
942 _cBK
999 _c4802
_d4802